| 000 | 00773nam a2200205 a 4500 | ||
|---|---|---|---|
| 999 |
_c7392 _d7392 |
||
| 003 | OSt | ||
| 005 | 20211221124526.0 | ||
| 008 | 180109s2017 sp cd b 000 0dspa d | ||
| 020 | _a9788416458813 | ||
| 040 |
_aCDMR _c0 _bcat |
||
| 100 |
_aSantillán Buelna, José Ramón _94692 |
||
| 245 | 1 | 0 |
_aMéxico, en la prensa catalana: _banálisis en La Vanguardia y El Periódico de Catalunya / _cJosé Ramón Santillán Buelna |
| 260 |
_aLa Laguna : _bUniversidad, _c2017 |
||
| 300 |
_a96 pàgines ; _c21 cm |
||
| 490 | 1 |
_aCuadernos Artesanos de Comunicación ; _v124 |
|
| 650 | 0 | 0 |
_aPremsa i política _zCatalunya _94089 |
| 650 | 0 | 0 |
_aPublicitat _zMèxic _94372 _xAspectes polítics |
| 856 |
_uhttp://www.cuadernosartesanos.org/2017/cac124.pdf _zAccés lliure |
||
| 942 |
_2udc _cMON |
||